Les 20 personnages les plus puissants de One Piece - Statistiques

Statistiques générales
  • Ce quiz a été pris 184 fois
  • Le résultat moyen est 14 sur 20
Statistiques - réponses
Rôle Personnage % Correct
Pirate Monkey D Luffy
98%
Pirate Gol D Roger
95%
Pirate Edward Newgate
88%
Roi du Monde Imu
86%
Pirate Shanks le Roux
85%
Marine Monkey D Garp
84%
Pirate Kaido
81%
Pirate Big Mom
80%
Pirate / Samouraï Kozuki Oden
79%
Pirate Marshall D Teach
78%
Pirate Rocks D Xebec
76%
Prince d’Elbaf Loki
75%
Pirate Joy Boy
73%
Samouraï Ryuma
63%
Roi d’Elbaf Harald
58%
Pirate Silvers Rayleigh
49%
Non déterminéPorteur de la volonté du d Davy D Jones
37%
Pirate Scopper Gaban
36%
Pirate Shiki
32%
Robot Emeth
30%
Aucun quiz correspondant
Distribution des résultats
% des personnes avec chaque résultat
Percentile par nombre de réponses
Votre historique - résultats
Vous n’avez pas pris ce quiz